Celebrities who have invested in Football - Statistics

General Stats
  • This quiz has been taken 25 times
  • The average score is 5 of 20
Answer Stats
Club Famous for Answer % Correct
Wrexham AFC Deadpool Ryan Reynolds
86%
Watford Your Song Elton John
76%
LAFC Elf Will Ferrell
67%
Doncaster Rovers One Direction Louis Tomlinson
57%
Norwich City How to Cheat at Cooking Delia Smith
52%
Liverpool Los Angeles Lakers LeBron James
48%
Austin Dallas Buyers Club Matthew McConaughey
29%
One of the best female soccer players of all time Mia Hamm
24%
Seattle Sounders Seattle Seahawks Russell Wilson
24%
Desperate Housewives Eva Longoria
14%
23 Grand Slams Serena Williams
14%
South Shields Little Mix Jade Thirwall
10%
New Crane Publishing, husband of above Michael Wynn-Jones
10%
Star Wars prequels Natalie Portman
10%
It's Always Sunny in Philadelphia Rob McElhenney
10%
1,2 step Ciara
5%
Glorious Macklemore
5%
Swansea City The Office (US) Mindy Kaling
5%
Angel City Shower Becky G
0%
Phoenix Rising Major Lazer Diplo
0%
No matching quizzes found
Score Distribution
Percent of People with Each Score
Percentile by Number Answered
Your Score History
You have not taken this quiz